Principles Of Communications (Record no. 319529)

MARC details
000 -LEADER
fixed length control field 00417nam a2200157Ia 4500
008 - FIXED-LENGTH DATA ELEMENTS--GENERAL INFORMATION
fixed length control field 230718s9999 xx 000 0 und d
041 ## - LANGUAGE CODE
Language code of text/sound track or separate title eng
082 ## - DEWEY DECIMAL CLASSIFICATION NUMBER
Classification number 621.38
Item number ZIE
100 ## - MAIN ENTRY--PERSONAL NAME
Personal name Ziemer R.E.
245 ## - TITLE STATEMENT
Title Principles Of Communications
250 ## - EDITION STATEMENT
Edition statement 3rd ed.
260 ## - PUBLICATION, DISTRIBUTION, ETC. (IMPRINT)
Name of publisher, distributor, etc. Jaico Publishing House
365 ## - TRADE PRICE
Currency code Rs.
Price amount 495.00
700 ## - ADDED ENTRY--PERSONAL NAME
Personal name Ziemer R.E. & Tranter W.H.
9 (RLIN) 185900
906 ## - LOCAL DATA ELEMENT F, LDF (RLIN)
d B:633615-Oct-2008
c ETC
b 99
Holdings
Withdrawn status Lost status Damaged status Not for loan Home library Current library Date acquired Vendor Budget Code Cost, normal purchase price Bill number Total Checkouts Full call number Barcode Date last seen Discount Cost, replacement price Bill Date Koha item type Original Barcode
        Cummins College of Engineering for Women Pune Cummins College of Engineering for Women Pune 25/10/2008 Tbs ETC 396.00 6336   621.38 CCEP-BK-30736 18/07/2023 99 495.00 15/10/2008 Books 030736